000 00233nam a2200097Ia 4500
001 709316
005 20250826162544.0
008 250824s9999 xx 000 0 und d
245 0 _aTÜLÜŞ
_cAYLA ÇINAROĞLU
260 _bTUDEM YAYINLARI
999 _c709316
_d709316